Quiz su Francesco Petrarca - Statistics

Statistiche generali
  • Questo quiz è stato fatto 126 volte
  • Il punteggio medio è 10 su 20
Statistiche sulle risposte
Domanda Risposta % Corretto
Città natale Arezzo
87%
In quale lingua scrisse la maggior parte delle sue opere? Latino
87%
Opera più famosa Canzoniere/Rerum Vulgarium Fragmenta
77%
Anno di nascita 1304
75%
Donna a cui è dedicata l'opera Laura
75%
In quale città compì gli studi universitari? Montpellier/Bologna
75%
Anno di morte 1374
74%
In quale città si trasferì la famiglia Petrarca? Carpentras/Avignone
61%
Città in cui è morto Arquà
59%
E' considerato un precursore dell'_________ Umanesimo
54%
Opera incompiuta, sul modello virgiliano, che narra le imprese dei romani nella seconda guerra punica e il ruolo di Scipione l'Africano Africa
53%
Opera in cui viene ricostruito un immaginario dialogo tra il poeta e sant'Agostino Secretum
44%
Assieme a Dante e Boccaccio è una delle ___ ______ Tre Corone
37%
Tema principale di questi componimenti Amore
30%
La ottenne nel 1341 per mano di Roberto d'Angio Incoronazione poetica
28%
Quanti componimenti comprende quest'opera? 366
18%
Raccolta in prosa latina di 36 biografie di uomini illustri De viris illustribus
17%
Nomina uno dei trattati latini sulla vita contemplativa De otio religioso/De vita solitaria
11%
Titolo del primo sonetto Voi ch'ascoltate in rime sparse il sono
6%
Insieme dei valori, della meditazione e della ricerca alla base del pensiero di Petrarca Humanitas
3%
Nessun quiz corrispondente trovato
Distribuzione punteggi
Percentuale di utenti per punteggio
Percentile per numero di risposta
I tuoi punteggi nel tempo
Non hai fatto questo quiz